| 000 | 01178nam a22003137a 4500 | ||
|---|---|---|---|
| 003 | CHAP | ||
| 005 | 20220329143546.0 | ||
| 008 | 100526s1999 mx r 00010 spa d | ||
| 010 | _a98516 | ||
| 011 | _a99488 | ||
| 035 | _a110174 | ||
| 040 | _cCHAP | ||
| 082 | 1 | 4 |
_a658.312404 _bS84 |
| 110 | 1 |
_aSistema Nacional de Capacitación y Extensión Rural Integral. México _9106721 |
|
| 245 | 1 | 0 |
_aPrograma de Capacitación y Extension : _bevaluación nacional 1999 _c/por Sistema Nacional de Capacitación y Extensión Rural Integral |
| 260 |
_aMéxico, D.F. : _bSINDER, _c1999 |
||
| 300 |
_a150 p. : _bilus., cuadros y gráficas |
||
| 590 |
_aBATCH-UPD _b10 _c20130110 _lUCH01 _h1616 |
||
| 590 |
_aBATCH-UPD _b10 _c20130410 _lUCH01 _h1011 |
||
| 590 |
_aBATCH-UPD _b10 _c20130914 _lUCH01 _h1339 |
||
| 590 |
_aCONVERSION _b10 _c20130109 _lUCH01 _h1354 |
||
| 650 | 1 | 4 |
_aExtensión agrícola. _939144 |
| 650 | 1 | 4 |
_aOrganización de productores. _983544 |
| 650 | 1 | 4 |
_aProgramas de capacitación. _992376 |
| 650 | 1 | 4 |
_aTecnología _xServicios de información. _9111956 |
| 901 | _aBK | ||
| 942 | _cLIBRO | ||
| 949 |
_a658.312404 S84 _bBC _cLIBRO _d33724002052413 _eLIBRO _gI.c/e _h112625 _i110174 _sb |
||
| 999 |
_c98516 _d98516 |
||